000 00612nam a2200229Ia 4500
003 OSt
005 20221007081133.0
006 a|||||r|||| 00| 0
007 ta
008 221006b |||||||| |||| 00| 0 eng d
024 _a25,690
037 _cTextual
040 _aFLL
_cFLL
_beng
041 _2eng
_aeng
082 _aZ1:3pN61, K2
100 _aReese Willis L.M.
_9696505
245 0 _aInternational contracts
260 _aNew York
_bOceana Publications U.S.A.
_c1962
300 _a1-79p
_ccm.
942 _hZ1:3pN61, K2
_cTEXL
_2CC
999 _c1162156
_d1162156